| 000 | 00672nam a2200205Ia 4500 | ||
|---|---|---|---|
| 003 | GCL | ||
| 008 | 140319s9999 xx 000 0 ara d | ||
| 040 |
_aGCL / _cGCL |
||
| 082 | 0 | 4 |
_a232.8 _bس ج |
| 100 | 1 | _aابوالفضل الحوينى الاثرى | |
| 245 | 1 | 0 |
_aحصول الرفق باصول الرزق / _cابوالفضل الحوينى الاثرى |
| 260 |
_a[S.N] : _bدار الصحابة للتراث ، _c1990 |
||
| 300 | _a86 ص | ||
| 490 | _a | ||
| 650 | 0 | 4 | _aاسناد الحديث |
| 650 | 0 | 4 | _aالاحاديث |
| 650 | 0 | 4 | _aالحديث - الاسناد الحسن |
| 650 | 0 | 4 | _aالحديث - الاسناد الضعيف |
| 942 |
_2ddc _cBK |
||
| 999 |
_c54527 _d54527 |
||